| 000 | 01815cam a2200481Ii 4500 | ||
|---|---|---|---|
| 001 | 34712135 | ||
| 003 | OCoLC | ||
| 005 | 20221223214110.0 | ||
| 008 | 960513s1995 sp a j 000 0 spa d | ||
| 020 | _a8434846543 | ||
| 020 | _a9788434846548 | ||
| 040 |
_aCS1 _beng _erda _cCS1 _dCAW _dCGP _dPL# _dOCL _dOCLCQ _dOCLCF _dOCLCQ _dOCLCO _dYOL |
||
| 041 | 1 |
_aspa _hfre |
|
| 043 | _an-usp-- | ||
| 100 | 1 | _aFuhr, Ute. | |
| 245 | 1 | 4 |
_aLos indios / _cilustrado por Ute Fuhr y Raoul Sautai ; realizado por Gallimard Jeunesse, Ute Fuhr y Raoul Sautai ; traduccion, Paz Barroso. |
| 260 |
_aMadrid : _bEdiciones SM, _cc1995. |
||
| 264 | 1 |
_aMadrid : _bEdiciones SM, _c[1995] |
|
| 264 | 4 | _cc1995. | |
| 300 |
_a1 volume (unpaged) : _bcolor illustrations ; _c19 cm. |
||
| 336 |
_atext _btxt _2rdacontent. |
||
| 337 |
_aunmediated _bn _2rdamedia. |
||
| 338 |
_avolume _bnc _2rdacarrier. |
||
| 490 | 1 |
_aMundo maravilloso ; _v35. |
|
| 500 | _a"De 3 a 7 anos"--Page 4 of cover. | ||
| 650 | 0 |
_aFrontier and pioneer life _zWest (U.S.) _vJuvenile literature. |
|
| 650 | 0 |
_aIndians of North America _xHistory _vJuvenile literature. |
|
| 650 | 0 |
_aCowboys _vJuvenile literature. |
|
| 650 | 0 |
_aIndians of North America _vJuvenile literature. |
|
| 650 | 7 |
_aOeste (Estados Unidos) _2bidex. |
|
| 650 | 7 |
_aIndios de Am©♭rica del Norte. _2bidex. |
|
| 650 | 7 |
_aLibros de juguete y movibles. _2bidex. |
|
| 650 | 7 |
_aCowboys _2bidex. |
|
| 650 | 7 |
_aFrontera y exploradores _xVida _zOeste (Estados Unidos) _2bidex. |
|
| 651 | 0 |
_aWest (U.S.) _xHistory _vJuvenile literature. |
|
| 655 | 7 |
_aSpanish language materials. _2local. |
|
| 700 | 1 | _aSautai, Raoul. | |
| 700 | 1 | 2 |
_aFuhr, Ute. _tIndiens. _lSpanish. |
| 700 | 1 | 2 |
_aBarroso, Paz _etraduccion |
| 710 | 2 | _aGallimard Jeunesse (Publisher) | |
| 830 | 0 |
_aMundo maravilloso ; _v35. |
|
| 942 | _cBK | ||
| 999 |
_c27613 _d27613 |
||